| Поле | Инд. | ПП | Название | Значение |
|---|---|---|---|---|
| Тип записи | a | |||
| Библиографический уровень | b | |||
| 001 | Контрольный номер | a989f512502d4dcd95d54a74cf506119 | ||
| 005 | Дата корректировки | 20220426161915.3 | ||
| 040 | a | Служба первич. каталог. | РИНЦ | |
| b | Код языка каталог. | rus | ||
| 041 | 0_ | a | Код языка текста | rus |
| 097 | a | Ануфриева Г.Ю. | ||
| 100 | 1_ | a | Автор | Блинков Ю. А. |
| 100 | 1_ | a | Автор | Гердт В. П. |
| g | Прочие сведения | РИНЦ AuthorID: 2779 (http://elibrary.ru/author_items.asp?authorid=2779) | ||
| i | 000090823 | |||
| k | Кафедра распределенных информационно-вычислительных систем; Институт системного анализа и управления | |||
| q | Полное имя | Гердт Владимир Петрович | ||
| u | Дополнение | Гердт В. П. | ||
| 100 | 1_ | a | Автор | Маринов К. Б. |
| i | 100093045 | |||
| k | Кафедра системного анализа и управления; Институт системного анализа и управления | |||
| q | Полное имя | Маринов Константин Борисович | ||
| 245 | 10 | a | Заглавие | Дискретизация квазилинейных эволюционных уравнений методами компьютерной алгебры |
| 773 | 18 | t | Название источника | Программирование |
| c | Москва | |||
| d | Место и дата издания | 2017 | ||
| m | Специф. данные | входит в ядро РИНЦ;журнал из перечня ВАК; входит в базу данных RSCI; ненулевой импакт-фактор; | ||
| n | Примечание | https://elibrary.ru/title_about.asp?id=7966 | ||
| x | ISSN | 0132-3474 | ||
| g | Прочая информация | № 2. - С. 28 - 34 | ||
| w | Контрольный № источника | f954ef33242b4a1ebf00b256c4bd98b9 | ||
| b | Сведения об издании | Наука | ||
| 856 | 40 | u | URL | https://elibrary.ru/item.asp?id=28949753 |
| 901 | t | Тип документа | b | |
| 952 | c | Вид литературы | статья в журнале |